[Event "Titled Tuesday intern op 09th Jan Early"]
[Site "Chess.com INT"]
[Date "2024.01.09"]
[Round "5"]
[White "Sturt, Raven M"]
[Black "Navara, David"]
[Result "1/2-1/2"]
[WhiteElo "2459"]
[BlackElo "2679"]
[PlyCount "114"]
[EventDate "2024.01.09"]
[EventType "swiss (blitz)"]
[EventRounds "11"]
[EventCountry "USA"]
[SourceTitle "CB03_2024"]
[SourceDate "2024.01.17"]
[SourceVersion "1"]
[SourceVersionDate "2024.01.17"]
[SourceQuality "1"]

1. f4 Nh6 2. Nf3 d5 3. d3 c5 4. Qd2 d4 5. c3 Nf5 6. cxd4 cxd4 7. Na3 Nc6 8. Nc2 h5 9. b4 a6 10. Bb2 g6 11. a4 e5 12. b5 axb5 13. axb5 Rxa1+ 14. Bxa1 Na5 15. Nxe5 Nb3 16. Qd1 Qa5+ 17. Kf2 Ne3 18. Qb1 Nxa1 19. Qxa1 Qxa1 20. Nxa1 Bc5 21. Nb3 Ba7 22. g3 h4 23. Bg2 Nxg2 24. Kxg2 Be6 25. Ra1 Bd5+ 26. Kf2 hxg3+ 27. Kxg3 Bb8 28. Ra8 0-0 29. Nxd4 g5 30. Nf5 gxf4+ 31. Kf2 Be6 32. Nh6+ Kg7 33. Nhg4 f5 34. Rxb8 Rxb8 35. h3 fxg4 36. hxg4 Kf6 37. d4 Bd5 38. Nd7+ Kg5 39. Nxb8 Kxg4 40. Nd7 Kf5 41. Nc5 b6 42. Nd3 Bc4 43. Kf3 Bxb5 44. Nxf4 Bc6+ 45. Ke3 b5 46. d5 Bb7 47. Kf3 Ke5 48. e4 Kd4 49. Ne6+ Ke5 50. Nc7 b4 51. Ke3 b3 52. Kd3 b2 53. Kc2 Kxe4 54. d6 Bc6 55. Kxb2 Ke5 56. Nb5 Bxb5 57. d7 Bxd7 1/2-1/2

[Event "EU-ch Blitz"]
[Site "Zagreb"]
[Date "2023.12.16"]
[Round "2"]
[White "Lavrencic, Matic"]
[Black "Navara, David"]
[Result "0-1"]
[WhiteElo "2299"]
[BlackElo "2679"]
[PlyCount "82"]
[EventDate "2023.12.16"]
[EventType "swiss (blitz)"]
[EventRounds "13"]
[EventCountry "CRO"]
[SourceTitle "CB51_2023"]
[SourceDate "2023.12.20"]
[SourceVersion "1"]
[SourceVersionDate "2023.12.20"]
[SourceQuality "1"]

1. e4 c6 2. d4 d5 3. Nc3 dxe4 4. Nxe4 Nf6 5. Qd3 Nxe4 6. Qxe4 Qd5 7. Bd3 Qxe4+ 8. Bxe4 Nd7 9. Nf3 Nf6 10. Bd3 Bg4 11. Ne5 Bh5 12. a4 e6 13. a5 a6 14. c3 Bd6 15. Nc4 Bc7 16. Bg5 Bg6 17. Ke2 Nd5 18. g3 f6 19. Bd2 Bh5+ 20. f3 0-0-0 21. Rad1 h6 22. Kf2 Bf7 23. b4 g5 24. Rhe1 h5 25. Bf1 h4 26. Kg2 Rh6 27. Be2 hxg3 28. hxg3 Rdh8 29. Rh1 Rxh1 30. Rxh1 Rxh1 31. Kxh1 Bxg3 32. Kg2 Bc7 33. Kf2 Bg6 34. Bf1 Kd7 35. Bh3 Nf4 36. Bf1 Nd5 37. Bh3 Ke7 38. Bf1 Bf4 39. Bxf4 gxf4 40. Bh3 Nxc3 41. Nb6 Nd5 0-1

[Event "EU-ch Blitz"]
[Site "Zagreb"]
[Date "2023.12.16"]
[Round "6"]
[White "Pezelj, Novak"]
[Black "Navara, David"]
[Result "0-1"]
[WhiteElo "2481"]
[BlackElo "2679"]
[PlyCount "108"]
[EventDate "2023.12.16"]
[EventType "swiss (blitz)"]
[EventRounds "13"]
[EventCountry "CRO"]
[SourceTitle "CB51_2023"]
[SourceDate "2023.12.20"]
[SourceVersion "1"]
[SourceVersionDate "2023.12.20"]
[SourceQuality "1"]

1. Nf3 c5 2. c4 Nc6 3. g3 g6 4. Bg2 Bg7 5. 0-0 d6 6. Nc3 Bf5 7. Re1 Qd7 8. Nd5 Nf6 9. d3 0-0 10. Ne3 Bh3 11. Bh1 h6 12. Bd2 Rab8 13. Bc3 b5 14. b3 b4 15. Bb2 e6 16. Rc1 a5 17. Qc2 e5 18. Nd5 Nxd5 19. cxd5 Nd4 20. Bxd4 exd4 21. Nd2 h5 22. Nc4 Bh6 23. Ra1 Qd8 24. a3 Re8 25. axb4 axb4 26. Ra6 Bf8 27. Bf3 Qf6 28. Rea1 Rb7 29. Qd1 h4 30. Ra8 Rbe7 31. Rxe8 Rxe8 32. Ra7 hxg3 33. hxg3 Bh6 34. Ra6 Rd8 35. Qc2 Kg7 36. Rc6 Qe7 37. Ra6 Bg5 38. Na5 Rh8 39. Nc4 Bc8 40. Rxd6 Qa7 41. Qd1 Be7 42. Rc6 Bd7 43. Rb6 Rh3 44. Kg2 Qa8 45. d6 Qh8 46. Qg1 Bd8 47. Rb7 Bc8 48. Rb8 Bd7 49. Rb7 Be6 50. Ne5 Bf6 51. Nd7 Rh6 52. Nxf6 Bh3+ 53. Kh2 Bf1+ 54. Nh5+ Rxh5+ 0-1

[Event "EU-ch Blitz"]
[Site "Zagreb"]
[Date "2023.12.16"]
[Round "8"]
[White "Plat, Vojtech"]
[Black "Navara, David"]
[Result "0-1"]
[WhiteElo "2509"]
[BlackElo "2679"]
[PlyCount "134"]
[EventDate "2023.12.16"]
[EventType "swiss (blitz)"]
[EventRounds "13"]
[EventCountry "CRO"]
[SourceTitle "CB51_2023"]
[SourceDate "2023.12.20"]
[SourceVersion "1"]
[SourceVersionDate "2023.12.20"]
[SourceQuality "1"]

1. d4 Nf6 2. Nf3 e6 3. e3 b6 4. Bd3 Bb7 5. 0-0 d5 6. c4 Nbd7 7. Nc3 Bd6 8. b3 0-0 9. Bb2 a6 10. Rc1 Qe7 11. Re1 Ne4 12. Bb1 f5 13. cxd5 Nxc3 14. Bxc3 Bxd5 15. e4 fxe4 16. Bxe4 Nf6 17. Bxd5 Nxd5 18. Bd2 Rae8 19. Qe2 a5 20. g3 Rf5 21. Nh4 Rf7 22. Ng2 Qf6 23. Rcd1 Ref8 24. Rf1 h6 25. Qe4 Qf5 26. Rde1 Qxe4 27. Rxe4 Re7 28. f4 a4 29. Rfe1 Kf7 30. Nh4 axb3 31. axb3 Ra8 32. Rf1 Ra2 33. Be1 Nf6 34. Re3 Ng4 35. Rd3 Nxh2 36. Rf2 Rxf2 37. Kxf2 Ng4+ 38. Kf3 Nf6 39. Ng2 g5 40. fxg5 hxg5 41. g4 Kg6 42. Re3 Nd5 43. Re2 Rf7+ 44. Ke4 Rf1 45. Kd3 Kf7 46. Bd2 Rf3+ 47. Kc2 Kf6 48. Ne1 Rg3 49. Rf2+ Kg6 50. Re2 Rxg4 51. Rxe6+ Kf5 52. Re2 Nf4 53. Re8 Rg1 54. Nf3 Rg3 55. Ne5 Rg2 56. Nc4 Nd5 57. Kd3 Rg3+ 58. Kc2 Bf4 59. Bxf4 Nb4+ 60. Kd1 gxf4 61. Rf8+ Ke4 62. Nd2+ Kd3 63. Rxf4 Rg1+ 64. Nf1 Nd5 65. Rf3+ Ke4 66. Ke2 Rg2+ 67. Rf2 Nf4+ 0-1

[Event "EU-ch Rapid"]
[Site "Zagreb"]
[Date "2023.12.14"]
[Round "6"]
[White "Alexakis, Dimitris"]
[Black "Navara, David"]
[Result "1/2-1/2"]
[WhiteElo "2462"]
[BlackElo "2679"]
[PlyCount "218"]
[EventDate "2023.12.14"]
[EventType "swiss (rapid)"]
[EventRounds "11"]
[EventCountry "CRO"]
[SourceTitle "CB51_2023"]
[SourceDate "2023.12.20"]
[SourceVersion "1"]
[SourceVersionDate "2023.12.20"]
[SourceQuality "1"]

1. e4 c5 2. Nf3 d6 3. d4 cxd4 4. Nxd4 Nf6 5. f3 e5 6. Nb3 Be6 7. c4 a5 8. Be3 Nc6 9. Nc3 Nd7 10. Nd5 a4 11. Nd2 Nd4 12. Be2 Bxd5 13. cxd5 Be7 14. 0-0 Bg5 15. Bxd4 exd4 16. f4 Bf6 17. Bb5 0-0 18. Nf3 a3 19. Rb1 axb2 20. Bxd7 Qxd7 21. Rxb2 Rfe8 22. Re1 Qg4 23. e5 dxe5 24. fxe5 Bxe5 25. Nxe5 Qxd1 26. Rxd1 Rxe5 27. Rxd4 Re7 28. Rdb4 g6 29. d6 Rd7 30. Rxb7 Rxd6 31. Rb8+ Rxb8 32. Rxb8+ Kg7 33. Ra8 Rd2 34. a4 Ra2 35. a5 Kf6 36. a6 h5 37. Ra7 g5 38. h3 Kg6 39. Ra8 Kf5 40. Ra7 f6 41. Rh7 Kf4 42. Kh2 g4 43. hxg4 hxg4 44. Rb7 Rxa6 45. Rb4+ Kg5 46. g3 Ra2+ 47. Kg1 Rd2 48. Rb5+ Kg6 49. Rb4 Kf5 50. Rf4+ Kg5 51. Rb4 Rd6 52. Rb5+ f5 53. Rb2 Rd3 54. Kf2 Kf6 55. Re2 Rd4 56. Ra2 Ke5 57. Ke3 Re4+ 58. Kf2 Rc4 59. Re2+ Kd4 60. Rd2+ Ke4 61. Re2+ Kd5 62. Rd2+ Rd4 63. Ra2 Rd3 64. Ra5+ Ke4 65. Ra4+ Rd4 66. Ra2 Rb4 67. Re2+ Kd5 68. Rc2 Rb3 69. Ra2 Kd4 70. Rd2+ Kc4 71. Rc2+ Kd3 72. Re2 Kd4 73. Rd2+ Rd3 74. Ra2 Rf3+ 75. Kg2 Rc3 76. Rf2 Rc5 77. Ra2 Kd3 78. Ra3+ Rc3 79. Ra4 Rc2+ 80. Kf1 Rc4 81. Rxc4 Kxc4 82. Ke2 Kc5 83. Ke3 Kd6 84. Kd2 Ke7 85. Ke1 Kd7 86. Kd1 Kc6 87. Ke2 Kc5 88. Ke3 Kd5 89. Kd3 Ke6 90. Ke2 Kf6 91. Kf2 Kg5 92. Ke3 Kh5 93. Kf2 Kh6 94. Ke3 Kg7 95. Ke2 Kg6 96. Ke3 Kf7 97. Kd2 Kf8 98. Ke2 Ke8 99. Kd2 Kf7 100. Ke3 Ke7 101. Kf2 Kd6 102. Ke2 Ke6 103. Kd2 Kd6 104. Ke2 Kc5 105. Ke3 Kd5 106. Kd3 Ke5 107. Ke3 f4+ 108. gxf4+ Kf5 109. Kf2 Kxf4 1/2-1/2